00716nam a2200241 a 4500001001300000003000900013005001700022008004100039020002300080082001600103100001600119245004500135260004200180300000900222500003500231505001800266650002500284700001600309902000800325942000700333952011700340999001700457nice12345678IN_TiNIC20260116014844.0090121s2006 newa grp 000 0 eng  a8130701332 c79500a001.42bFIS aFisher, R A aStatistical Methods for Research Workers aNew Delhi bCosmo Publications c2006 a354p aincludes index and biblioraphy2 abiblio, index aResearch Methodology1 aFisher, R A bSRS cBK 001040708StackRoom-aHMIbHMId2009-01-28g795.00l0o001.42 FISp022654r2009-01-28v795.00w2009-01-21yBK c17291d17291